|
|
|
|
| LEADER |
00000nam0a2200000 4500 |
| 001 |
378112 |
| 005 |
20231102012959.0 |
| 020 |
|
|
|a RU
|b 87-40451
|
| 035 |
|
|
|a (RuTPU)RU\TPU\retro\35567
|
| 035 |
|
|
|a RU\TPU\book\283487
|
| 090 |
|
|
|a 378112
|
| 100 |
|
|
|a 20230516d1987 km y0rusy5003 ca
|
| 101 |
0 |
|
|a rus
|
| 102 |
|
|
|a RU
|
| 105 |
|
|
|a a z 001zy
|
| 200 |
1 |
|
|a Производство заготовок в машиностроении
|f М. Г. Афонькин, М. В. Магницкая
|
| 210 |
|
|
|a Ленинград
|c Машиностроение
|d 1987
|
| 215 |
|
|
|a 255 с.
|c ил.
|d 22 см
|
| 320 |
|
|
|a Библиогр.: с. 252-254 (58 назв.)
|
| 606 |
1 |
|
|a Заготовки (металлообработка)
|x Производство
|2 stltpush
|3 (RuTPU)RU\TPU\subj\72723
|9 86127
|
| 610 |
1 |
|
|a получение
|
| 610 |
1 |
|
|a способы
|
| 610 |
1 |
|
|a сравнительный анализ
|
| 610 |
1 |
|
|a технико-экономический анализ
|
| 610 |
1 |
|
|a литье
|
| 610 |
1 |
|
|a обработка давлением
|
| 610 |
1 |
|
|a специальные способы
|
| 610 |
1 |
|
|a технологические особенности
|
| 675 |
|
|
|a 621.7.002.63
|z rus
|v 3
|
| 700 |
|
1 |
|a Афонькин
|b М. Г.
|g Михаил Григорьевич
|4 070
|
| 701 |
|
1 |
|a Магницкая
|b М. В.
|g Маргарита Владимировна
|4 070
|
| 801 |
|
0 |
|a RU
|b RuMRKP
|c 19950417
|g psbo
|
| 801 |
|
1 |
|a RU
|b 63413507
|c 20140516
|
| 801 |
|
2 |
|a RU
|b 63413507
|c 20230516
|g RCR
|
| 942 |
|
|
|c BK
|